Βυζαντινή τέχνη

Αποθηκεύτηκε σε:
Λεπτομέρειες βιβλιογραφικής εγγραφής
Κύριος συγγραφέας: Delvoye, Charles
Άλλοι συγγραφείς: Παπαδάκη, Μαντώ (trlf)
Μορφή: Βιβλίο
Γλώσσα:Greek
French
Δημοσίευση: Αθήνα : Δημ. Ν. Παπαδήμα, 1991.
Θέματα:
Ετικέτες: Προσθήκη ετικέτας
Δεν υπάρχουν, Καταχωρήστε ετικέτα πρώτοι!

MARC

LEADER 00000cam a2200000 i 4500
001 1/104808
008 950606s1991 gr | ||| |||| ||gre||
020 |a 9602060034 
035 |l 10013406 
040 |a GR-MyUA  |b gre  |e AACR2 
041 1 |a gre  |h fre 
082 0 |a 709.0214 
100 1 |a Delvoye, Charles. 
245 1 0 |a Βυζαντινή τέχνη /   |c Charles Delvoye ; μετάφραση Μαντώ Β. Παπαδάκη ; Επιμέλεια-βιβλιογραφικές προσθήκες Δημ. Δ. Τριανταφυλλόπουλος ; καλλιτεχνική επιμέλεια Γιάννης Λέκκος.  
260 |a Αθήνα :   |b Δημ. Ν. Παπαδήμα,   |c 1991.  
300 |a 665 σ. :   |b εικ. ;  
500 |a Τίτλος πρωτοτύπου: L' art byzantin.  
504 |a Περιέχει ευρετήριο και βιβλιογραφία σ.599-657.  
650 0 0 |a Art, Byzantine. 
700 1 |a Παπαδάκη, Μαντώ,  |e trlf 
852 |a INST  |b LESVOS  |e 19950606  |h 709.0214 DEL  |p 005100004907  |q 005100004907  |t BK  |y 0 
909 |a Λ  |b 023962